Podvojné účetníctví pro podnikatele : Právní encyklopedie soukromých podnikatelů /
Na minha lista:
| Autor principal: | |
|---|---|
| Formato: | Livro |
| Idioma: | tcheco |
| Publicado em: |
Praha :
TRIZONIA,
1992
|
| Colecção: | Příručky praktických podnikatelů
|
| Assuntos: | |
| Tags: |
Sem tags, seja o primeiro a adicionar uma tag!
|
MARC
| LEADER | 00000nam a22000003a 4500 | ||
|---|---|---|---|
| 001 | stu2803 | ||
| 005 | 20150617225615.9 | ||
| 008 | 921217s1992----cs------------------cze-d | ||
| 040 | |a STU |b slo | ||
| 041 | 0 | |a cze | |
| 044 | |a cs | ||
| 080 | |a 657 | ||
| 100 | 1 | |a Ryneš, Petr |4 aut | |
| 245 | 1 | |a Podvojné účetníctví pro podnikatele : |b Právní encyklopedie soukromých podnikatelů / |c [aut.] Ryneš,Petr | |
| 260 | |a Praha : |b TRIZONIA, |c 1992 | ||
| 300 | |a 205 s | ||
| 650 | 7 | |a účtovníctvo |2 stusub | |
| 830 | 0 | |a Příručky praktických podnikatelů | |
| 996 | |b E77681 |c R*77681 |l RRUM |s A |a 24 |w stu2803_0001 | ||